MLB Top 5 AL Cy Young Voting 2010s - Statistics

General Stats
  • This quiz has been taken 41 times
  • The average score is 36 of 50
Answer Stats
Year Teams Player % Correct
2011: 1 Tigers Justin Verlander
100%
2012: 2 Tigers Justin Verlander
100%
2016: 2 Tigers Justin Verlander
100%
2017: 5 Tigers/Astros Justin Verlander
100%
2018: 2 Astros Justin Verlander
100%
2019: 1 Astros Justin Verlander
100%
2013: 1 Tigers Max Scherzer
97%
2014: 5 Tigers Max Scherzer
97%
2010: 1 Mariners Félix Hernández
94%
2012: 4 Mariners Félix Hernández
94%
2014: 2 Mariners Félix Hernández
94%
2018: 5 Astros Gerrit Cole
94%
2019: 2 Astros Gerrit Cole
94%
2010: 2 Rays David Price
88%
2012: 1 Rays David Price
88%
2015: 2 Tigers/Blue Jays David Price
88%
2013: 5 White Sox Chris Sale
84%
2014: 3 White Sox Chris Sale
84%
2015: 4 White Sox Chris Sale
84%
2016: 5 White Sox Chris Sale
84%
2017: 2 Red Sox Chris Sale
84%
2018: 4 Red Sox Chris Sale
84%
2014: 1 Indians Corey Kluber
81%
2016: 3 Indians Corey Kluber
81%
2017: 1 Indians Corey Kluber
81%
2018: 3 Indians Corey Kluber
81%
2016: 1 Red Sox Rick Porcello
81%
2018: 1 Rays Blake Snell
78%
2010: 3 Yankees CC Sabathia
78%
2011: 4 Yankees CC Sabathia
78%
2010: 5 Angels Jered Weaver
78%
2011: 2 Angels Jered Weaver
78%
2012: 3 Angels Jered Weaver
78%
2015: 1 Astros Dallas Keuchel
75%
2010: 4 Red Sox Jon Lester
69%
2014: 4 Red Sox/Athletics Jon Lester
69%
2019: 4 Indians Shane Bieber
69%
2015: 5 Rays Chris Archer
44%
2013: 2 Rangers Yu Darvish
41%
2015: 3 Athletics Sonny Gray
38%
2013: 4 Tigers Aníbal Sánchez
34%
2017: 4 Indians Carlos Carrasco
34%
2011: 3 Rays James Shields
34%
2019: 3 Rays Charlie Morton
31%
2019: 5 Rangers Lance Lynn
28%
2017: 3 Yankees Luis Severino
28%
2013: 3 Mariners Hisashi Iwakuma
19%
2016: 4 Orioles Zack Britton
19%
2012: 5 Rays Fernando Rodney
16%
2011: 5 Tigers José Valverde
16%
No matching quizzes found
Score Distribution
Percent of People with Each Score
Percentile by Number Answered
Your Score History
You have not taken this quiz